000 00689nam a2200229 i 4500
001 11929
003 ES-MaACL
005 20250317132155.0
007 t|
008 961219s1995 sp ||||1| spa d
020 _a84-85691-80-6
080 _a32 Prieto, Indalecio
080 _a929 Prieto, Indalecio
100 1 _aGibaja Velázquez, José Carlos.
_956629
245 1 0 _aIndalecio Prieto y el socialismo español /
_cJosé Carlos Gibaja Velázquez.
250 _a1ª ed.
260 _aMadrid :
_bPablo Iglesias,
_c1995.
300 _aXIX, 480 p. ;
_c21 cm.
600 1 4 _aPrieto, Indalecio,
_d1883-1962
_993889
852 _aES-MaACL
_jL-19171
_bR.125602
999 _c11929
_d11929